Представление документа в формате RUSMARC

ПолеНазваниеЗначение
  Тип записи a
  Библиографический уровень a
001 Контрольный номер RU/CBS_UL/BASE/707241919
005 Дата корректировки 20250124020022.2
100 Данные общей обработки __
a Данные общей обработки 20220530d2022 ||| 0rusy0189 ca
101 Язык документа 0_
a Язык текста rus
102 Страна публикации __
a Страна публикации RU
105 Кодированные данные (монография) __
a Кодированные данные (монография) y###||||000|y
181 Поле кодированных данных: вид содержания _1
a Код вида содержания (ISBD) i#
b Код характеристики содержания (ISBD) #xxe##
d i
g x
h x
i e
182 Поле кодированных данных: тип средства _1
a Код типа средства (ISBD) n
2 Код системы (источник кода, отличный от ISBD) isbdmedia
200 Заглавие и сведения об ответственности 1_
a Заглавие Как искали могилу святого
b Общее обозначение материала Текст
e Сведения, относящиеся к заглавию [как на кладбище Симбирского Покровского мужского монастыря нашли захоронение ульяновского Блаженного Андрея]
f Первые сведения об ответственности Ю. А. Семыкин
w Текст (визуальный) : непосредственный
203 Вид содержания и тип средства __
a Вид содержания Текст
b Характеристика содержания визуальный
c Тип средства непосредственный
333 Примечание о целевом назначении __
a Примечание о целевом назначении 12+
461 Уровень набора _0
1 2000
a Православный Симбирск
463 Уровень физической единицы _0
1 001RU/CBS_UL/BASE/707239915
1 2000
a № 10 (25 мая)
v С. 12
1 210
d 2022
600 Персоналии _0
a Персоналии (Фамилия) Огородников
b Персоналии (Имя, инициалы) А. И.
600 Персоналии _0
a Персоналии (Фамилия) Андрей Блаженный
606 Тематические рубрики 0_
a Основная рубрика Огородников, Андрей Ильич (1763-1841) - Блаженные (религ.)
610 Ключевые слова 0_
a Ключевые слова блаженные
610 Ключевые слова 0_
a Ключевые слова юродивые
610 Ключевые слова 0_
a Ключевые слова святые
610 Ключевые слова 0_
a Ключевые слова небесный покровитель Ульяновска
686 Индексы других классификаций __
a Классификационный индекс 86.372-574
2 Код системы rubbk
700 Автор _1
a Фамилия Семыкин
b Имя (инициалы) Ю. А.
801 Источник записи _0
a Страна RU
b Организация МБУК ЦБС г. Ульяновска
c Дата составления 20220530
g Правила каталогизации RCR
801 Источник записи _1
a Страна RU
b Организация МБУК ЦБС г. Ульяновска
c Дата составления 20220530
g Правила каталогизации RCR
901 Тип документа __
t Тип документа f
w Контрольный № источника RU/CBS_UL/BASE/707239915
910 Корректоры записи __
a Корректор записи Карцева
938 Служебная информация __
a Имя БД kraeved